Catálogo

EL DESPERTAR DE MEXICO : (Registro nro. 48895)

Detalles MARC
000 -LEADER
fixed length control field 00996nam a2200205 a 4500
001 - CONTROL NUMBER
control field 48895
005 - DATE AND TIME OF LATEST TRANSACTION
control field 20180714033352.0
008 - FIXED-LENGTH DATA ELEMENTS--GENERAL INFORMATION
fixed length control field 140415s2000 mx 000 0 spa d
020 ## - INTERNATIONAL STANDARD BOOK NUMBER
International Standard Book Number 970651922X
041 ## - LANGUAGE CODE
Language code of text/sound track or separate title spa
082 ## - DEWEY DECIMAL CLASSIFICATION NUMBER
Classification number 320.972
Item number PRE
100 1# - MAIN ENTRY--PERSONAL NAME
Personal name PRESTON, JULIA
245 13 - TITLE STATEMENT
Title EL DESPERTAR DE MEXICO :
Remainder of title EPISODIOS DE UNA BÚSQUEDA DE LA DEMOCRACIA
250 ## - EDITION STATEMENT
Edition statement 1a ed.
260 ## - PUBLICATION, DISTRIBUTION, ETC.
Place of publication, distribution, etc. MEXICO :
Name of publisher, distributor, etc. OCEANO DE MEXICO,
Date of publication, distribution, etc. 2000
300 ## - PHYSICAL DESCRIPTION
Extent 284
Dimensions 23 x 18.2 x 2.4
520 ## - SUMMARY, ETC.
Summary, etc. EL DESOERTAR DEMEXICO, OFRECE UN TESTIMONIO QUE CON PROFUNDIDAD DE VISION Y ABUNDANTES APUNTES ANALITICOS CREA UN RETRATO DE MEXICO CRITICO, PERO NUNCA AGRESIVO, OBJETO PERO JAMAS DISTANTE, EN EL QUE LOS AUTORES DEJAN VER SU COMPROMISO CON LOS HECHOS ANTE UN PROCESI DE CAMBIO COMPLEJO, AUN INACABADO, CON INNEGABLE IMPACTO EN EL DEVENIR DE ESTADOS UNIDOS.
650 14 - SUBJECT ADDED ENTRY--TOPICAL TERM
Topical term or geographic name entry element DEMOCRACIA
General subdivision MEXICO
-- MEXICO
-- CONDICIONES SOCIALES Y CULTURALES
-- SISTEMA POLITICO
-- MEXICO
700 1# - ADDED ENTRY--PERSONAL NAME
Personal name FERGUSON, NIELS
Relator term coaut.
Existencias
Withdrawn status Lost status Source of classification or shelving scheme Damaged status Not for loan Collection code Home library Current library Shelving location Date acquired Source of acquisition Inventory number Total Checkouts Full call number Barcode Date last seen Price effective from Koha item type
    Dewey Decimal Classification     General Biblioteca Karol Wojtyla Biblioteca Karol Wojtyla Sala general 03/12/2013 Compra 151000000000000000055825   320.972 PRE 73000 05/01/2026 03/12/2013 Libro